000 00276nam a22001337a 4500
008 210310b ||||| |||| 00| 0 eng d
041 _aeng
080 _a371
082 _a371
100 _a46
101 _aEDU
245 _aSelf-Renewal
_cGardner,J.W
942 _2udc
_cBK
999 _c56194
_d56194